<?xml version="1.0" encoding="UTF-8"?>
<record
    xmlns:xsi="http://www.w3.org/2001/XMLSchema-instance"
    xsi:schemaLocation="http://www.loc.gov/MARC21/slim http://www.loc.gov/standards/marcxml/schema/MARC21slim.xsd"
    xmlns="http://www.loc.gov/MARC21/slim">

  <leader>00562nac a22001451u 4500</leader>
  <controlfield tag="008">090325s2006    xxu||||| |||| 00| 0 ara d</controlfield>
  <datafield tag="020" ind1=" " ind2=" ">
    <subfield code="a">9770914010</subfield>
  </datafield>
  <datafield tag="082" ind1=" " ind2=" ">
    <subfield code="a">309.162</subfield>
    <subfield code="b">&#x623; &#x645; &#x64A;</subfield>
  </datafield>
  <datafield tag="245" ind1=" " ind2=" ">
    <subfield code="a">&#x645;&#x627;&#x630;&#x627; &#x62D;&#x62F;&#x62B; &#x644;&#x644;&#x645;&#x635;&#x631;&#x64A;&#x64A;&#x646; &#x61F; :</subfield>
    <subfield code="b">&#x62A;&#x637;&#x648;&#x631; &#x627;&#x644;&#x645;&#x62C;&#x62A;&#x645;&#x639; &#x627;&#x644;&#x645;&#x635;&#x631;&#x64A; &#x641;&#x64A; &#x646;&#x635;&#x641; &#x642;&#x631;&#x646; 1945 / 1995 / </subfield>
    <subfield code="c">&#x62C;&#x644;&#x627;&#x644; &#x623;&#x645;&#x64A;&#x646;</subfield>
  </datafield>
  <datafield tag="260" ind1=" " ind2=" ">
    <subfield code="a">&#x627;&#x644;&#x642;&#x627;&#x647;&#x631;&#x629; :</subfield>
    <subfield code="b">&#x62F;&#x627;&#x631; &#x627;&#x644;&#x634;&#x631;&#x648;&#x642; &#x60C; 2006</subfield>
    <subfield code="c">2006.</subfield>
  </datafield>
  <datafield tag="300" ind1=" " ind2=" ">
    <subfield code="a">188 &#x635; &#x61B;</subfield>
    <subfield code="c">24 &#x633;&#x645;.</subfield>
  </datafield>
  <datafield tag="511" ind1=" " ind2=" ">
    <subfield code="a">Catalogued by: Sara</subfield>
  </datafield>
  <datafield tag="651" ind1=" " ind2=" ">
    <subfield code="9">13710</subfield>
    <subfield code="a">&#x645;&#x635;&#x631;</subfield>
    <subfield code="x">&#x627;&#x644;&#x623;&#x62D;&#x648;&#x627;&#x644; &#x627;&#x644;&#x627;&#x62C;&#x62A;&#x645;&#x627;&#x639;&#x64A;&#x629;</subfield>
  </datafield>
  <datafield tag="942" ind1=" " ind2=" ">
    <subfield code="c">BB</subfield>
    <subfield code="k">309.162 &#x623; &#x645; &#x64A;</subfield>
    <subfield code="2">ddc</subfield>
  </datafield>
  <datafield tag="999" ind1=" " ind2=" ">
    <subfield code="c">5617</subfield>
    <subfield code="d">5617</subfield>
  </datafield>
  <datafield tag="952" ind1=" " ind2=" ">
    <subfield code="0">0</subfield>
    <subfield code="1">0</subfield>
    <subfield code="2">ddc</subfield>
    <subfield code="4">0</subfield>
    <subfield code="7">0</subfield>
    <subfield code="8">Alef-Baa</subfield>
    <subfield code="a">MAIN</subfield>
    <subfield code="b">MAIN</subfield>
    <subfield code="c">1ST</subfield>
    <subfield code="d">2010-12-22</subfield>
    <subfield code="o">309.162 &#x623; &#x645; &#x64A;</subfield>
    <subfield code="p">000007105</subfield>
    <subfield code="r">2025-07-15 00:00:00</subfield>
    <subfield code="s">2024-03-03</subfield>
    <subfield code="y">BB</subfield>
  </datafield>
</record>
